| 000 | 00431 a2200133 4500 | ||
|---|---|---|---|
| 003 | Nust | ||
| 005 | 20170207154336.0 | ||
| 040 | _cNust | ||
| 082 | _a799 | ||
| 245 |
_aDine Out Col Khawar Habib & Lt Col Waseem (Photo Album Vol No.1, 2000) _cMCS |
||
| 260 |
_aRawalpindi _bMCS _c26-07-2000 |
||
| 650 | _aPictures of Dine Out Col Khawar Habib & Lt Col Waseem in MCS (Photo Album Vol No.1, 2000) (Soft Copy) CD-04 | ||
| 651 | _aSweet Memories-MCS | ||
| 942 | _cBK | ||
| 999 |
_c196884 _d196884 |
||